000 00882nam a2200253 a 4500
001 BRL_920
005 20190320210944.0
008 241013s1956----mx-ae#####---#000-0#spa-#
041 _aspa
044 _amx
050 4 _aNA5257.A8
_b.R66 1956
100 1 _aRomero de Terreros, Manuel
_cMarqués de San Francisco
_d1880-1968
_925324
245 1 0 _aAtlatlauhcan
_cManuel Romero de Terreros.
260 _aMéxico
_bInstituto Nacional de Antropología e Historia
_c1956
300 _a54 p.
_bil., planos
_c23 cm.
440 0 _aDirección de Monumentos Coloniales
_pPublicaciones
_v1
_925325
500 _aAu1038
500 _aAnteportada: El antiguo monasterio agustiniano de Atlatlauhcan
504 _aBibliografía: p. 54
650 1 4 _aArquitectura religiosa
_zAtlatlahucan (Morelos)
_925326
651 4 _aAtlatlahucan (Morelos)
_xIglesias
_925327
902 _aGRL
942 _2lcc
_cB
999 _c9732
_d9732